[Event "Detroit (MI Action/2)"]
[Site "?"]
[Date "1992.??.??"]
[Round "?"]
[White "Koger, Melvin"]
[Black "Noren, Kevin"]
[Result "0-1"]
[WhiteElo "1815"]
[BlackElo "2295"]
[PlyCount "71"]
[EventDate "1992.??.??"]

1. d4 Nf6 2. c4 g6 3. Nc3 Bg7 4. e4 d6 5. f3 O-O 6. Be3 e5 7. d5 c6 8. Bd3 cxd5
9. cxd5 Nh5 10. Nge2 f5 11. O-O Nd7 12. Nb5 Nc5 13. Rc1 a6 14. Nbc3 b5 15. b4
Nxd3 16. Qxd3 Bd7 17. Nd1 fxe4 18. fxe4 Rxf1+ 19. Kxf1 Qh4 20. Bg1 Rf8+ 21. Nf2
Nf6 22. Qg3 Qh5 23. Ke1 Bh6 24. Rc7 Rc8 25. Qc3 Rxc7 26. Qxc7 Qg5 27. Nh1 Nxe4
28. Qc2 Qxg2 29. Nhg3 Nxg3 30. hxg3 Bg4 31. Bb6 Qxd5 32. a3 Qh1+ 33. Kf2 Qh2+
34. Ke1 Qxe2+ 35. Qxe2 Bxe2 36. Kxe2 0-1

[Event "East Lansing (MI Am/3)"]
[Site "?"]
[Date "1992.??.??"]
[Round "?"]
[White "Koger, Melvin"]
[Black "Letourneau, Keith"]
[Result "0-1"]
[WhiteElo "1885"]
[BlackElo "1605"]
[PlyCount "108"]
[EventDate "1992.??.??"]

1. d4 e6 2. c4 c5 3. d5 exd5 4. cxd5 Nf6 5. Nc3 d6 6. e4 Bg4 7. Bb5+ Nbd7 8. f3
Bh5 9. Nge2 Be7 10. Nf4 Bg6 11. Ne6 fxe6 12. dxe6 a6 13. exd7+ Kf8 14. Bc4 Qxd7
15. Qb3 b5 16. Be6 Qc7 17. Nd5 Nxd5 18. Bxd5 c4 19. Qe3 Ra7 20. Qf4+ Ke8 21.
O-O Rf8 22. Qe3 Bf7 23. Bc6+ Kd8 24. e5 d5 25. Kh1 Qxc6 26. e6 Bc5 27. Qg5+ Kc8
28. exf7 Raxf7 29. Bd2 Qf6 30. Qxd5 Qd4 31. Qc6+ Kb8 32. Bc3 Qd6 33. Qe4 Qc7
34. a4 Rf4 35. Be5 Rxe4 36. Bxc7+ Kxc7 37. fxe4 Rxf1+ 38. Rxf1 Bd4 39. axb5
axb5 40. Rb1 Kd6 41. g3 Ke5 42. Kg2 Kxe4 43. Kf1 Kd3 44. Rd1+ Ke3 45. Rb1 Kd2
46. b4 c3 47. Kg2 c2 48. Rf1 c1=Q 49. Rxc1 Kxc1 50. Kf3 Bc3 51. Ke4 Bxb4 52.
Kd5 Bc3 53. Kc5 b4 54. Kc4 Kc2 0-1

[Event "Detroit (MI Op/3/40)"]
[Site "?"]
[Date "1992.??.??"]
[Round "?"]
[White "Koger, Melvin"]
[Black "Lang, Brad"]
[Result "0-1"]
[WhiteElo "1850"]
[BlackElo "1765"]
[PlyCount "182"]
[EventDate "1992.??.??"]

{3/(40)} 1. d4 Nf6 2. c4 g6 3. Nc3 d5 4. Nf3 Bg7 5. Qb3 dxc4 6. Qxc4 O-O 7. e4
c6 8. Be2 Nbd7 9. O-O Nb6 10. Qd3 Be6 11. b3 Qc7 12. Bg5 Rad8 13. Rac1 Qb8 14.
Rfd1 Rfe8 15. h3 Nh5 16. e5 Bh8 17. g4 Ng7 18. Ne4 Bd5 19. Nfd2 Ne6 20. Be3
Bxe4 21. Qxe4 Nd5 22. Nf3 Rd7 23. h4 Kg7 24. h5 Rg8 25. Bd3 Kf8 26. hxg6 hxg6
27. Nh4 Qd8 28. Qf3 Ke8 29. Ng2 Nxe3 30. fxe3 Bxe5 31. Bc4 Ng5 32. Qe2 Bf6 33.
Nf4 Qb8 34. Qg2 Bxd4 35. exd4 Qxf4 36. Rc3 Qe4 37. Qxe4 Nxe4 38. Re3 Nd6 39.
Bf1 Rh8 40. Bg2 Kf8 41. d5 cxd5 42. Rxd5 Kg7 43. Red3 Rc7 44. Rd2 Rc1+ 45. Kf2
Rhc8 46. Re5 R1c2 47. Ke2 Rxd2+ 48. Kxd2 Rc7 49. Kd3 Kf6 50. Kd4 Rd7 51. g5+
Kg7 52. Kc5 Rc7+ 53. Kd5 Kf8 54. Re2 Rc3 55. Bf1 Rf3 56. Re1 Rf5+ 57. Kd4 Rxg5
58. Bd3 Ra5 59. a4 Rh5 60. Rf1 Ke8 61. Rg1 Rh7 62. Kc5 Rh3 63. Kd4 Rh7 64. Kc5
Rg7 65. Rh1 Rg8 66. Kd5 g5 67. Ke5 g4 68. Kf4 g3 69. Rg1 f6 70. Be2 e5+ 71. Kf3
f5 72. Rxg3 Rxg3+ 73. Kxg3 Ke7 74. Kf3 Kf6 75. Kg3 Kg5 76. Kf3 e4+ 77. Kf2 f4
78. Bd1 Nf5 79. Bc2 Nd6 80. Bd1 Kf5 81. Bc2 Ke5 82. Ke2 Nf5 83. Kf2 Nd4 84. Bd1
e3+ 85. Kf1 f3 86. b4 e2+ 87. Bxe2 fxe2+ 88. Kf2 Kd5 89. b5 Kc4 90. Ke1 Kd3 91.
b6 Ke3 0-1

[Event "Detroit (MI Action/4)"]
[Site "?"]
[Date "1992.??.??"]
[Round "?"]
[White "Koger, Melvin"]
[Black "Kane, Paul"]
[Result "0-1"]
[WhiteElo "1815"]
[BlackElo "1605"]
[PlyCount "92"]
[EventDate "1992.??.??"]

1. d4 d5 2. c4 c6 3. Nc3 Nf6 4. Nf3 dxc4 5. a4 Bg4 6. Ne5 Bh5 7. Nxc4 e6 8. Bg5
Na6 9. Qd2 Nb4 10. e4 Be7 11. e5 Nfd5 12. Nd6+ Kf8 13. Bxe7+ Qxe7 14. Nxd5 Nxd5
15. b4 Qh4 16. Nxb7 Qe4+ 17. Be2 Bxe2 18. Qxe2 Qxd4 19. O-O Qxb4 20. Nd6 g6 21.
Qf3 Qf4 22. Qb3 Qxe5 23. Qb7 Kg7 24. Qxf7+ Kh6 25. Nc4 Qd4 26. Rac1 Rhf8 27.
Qxe6 Nf4 28. Qe3 Qxe3 29. Nxe3 Ne2+ 30. Kh1 Nxc1 31. Rxc1 Rxf2 32. Ng4+ Kg5 33.
Nxf2 Rd8 34. Rxc6 Rd4 35. a5 Ra4 36. Rc5+ Kf4 37. h3 Kg3 38. Nd1 Ra1 39. Rd5 h6
40. Kg1 g5 41. Rd3+ Kf4 42. Kf2 Ra2+ 43. Rd2 Rxd2+ 44. Ke1 Rxg2 45. Nc3 Rh2 46.
Ne2+ Ke3 0-1

[Event "East Lansing (MI Am/1)"]
[Site "?"]
[Date "1992.??.??"]
[Round "?"]
[White "Koger, Melvin"]
[Black "Jones, M."]
[Result "1/2-1/2"]
[WhiteElo "1885"]
[BlackElo "1605"]
[PlyCount "101"]
[EventDate "1992.??.??"]

1. Nf3 d6 2. d4 Nf6 3. c4 g6 4. g3 Bg7 5. Nc3 Nbd7 6. Bg2 c5 7. O-O cxd4 8.
Nxd4 Ne5 9. Bf4 O-O 10. Bxe5 dxe5 11. Nf3 Qc7 12. Qb3 Be6 13. Nd2 Rab8 14. Nd5
Bxd5 15. cxd5 Rfd8 16. Rac1 Qd7 17. e4 Bh6 18. Rfd1 Rdc8 19. Rc3 Rxc3 20. bxc3
Qc7 21. Qb4 a5 22. Qc4 Qb6 23. Rb1 Qa7 24. Nf3 Ng4 25. Rb2 b5 26. Qd3 b4 27. c4
Nxf2 28. Rxf2 Be3 29. Qc2 Bxf2+ 30. Qxf2 Qxf2+ 31. Kxf2 a4 32. Nd2 b3 33. a3 e6
34. d6 Kf8 35. Bf1 b2 36. Nb1 f5 37. Bd3 Rc8 38. Nd2 Ke8 39. Bc2 Kd7 40. Bxa4+
Kxd6 41. Bb5 f4 42. g4 Kc5 43. Nb3+ Kb6 44. Nd2 Rd8 45. Nb1 Rd1 46. Nc3 b1=Q
47. Nxb1 Rxb1 48. a4 Rb2+ 49. Kg1 Rd2 50. h4 Rd4 51. h5 1/2-1/2

[Event "Detroit (MI Op/1a/17)"]
[Site "?"]
[Date "1992.??.??"]
[Round "?"]
[White "Koger, Melvin"]
[Black "Everett, Morgan"]
[Result "1/2-1/2"]
[WhiteElo "1850"]
[BlackElo "2120"]
[PlyCount "150"]
[EventDate "1992.??.??"]

1. Nf3 Nf6 2. d4 e6 3. Bg5 d5 4. e3 h6 5. Bh4 Be7 6. Nbd2 O-O 7. Bd3 Nbd7 8.
O-O c5 9. c3 Nh5 10. Bxe7 Qxe7 11. Ne5 Nxe5 12. dxe5 g6 13. Nf3 Bd7 14. a4 Bc6
15. Bb5 Ng7 16. Qd2 Rfd8 17. Bxc6 bxc6 18. b4 Rab8 19. bxc5 Qxc5 20. Rfb1 Nf5
21. Nd4 Ne7 22. Qd3 Qa5 23. Nb3 Qc7 24. f4 c5 25. Nd2 c4 26. Qc2 Qc5 27. Nf1
Nc6 28. Kf2 Na5 29. Nd2 Qc6 30. Rb4 Rdc8 31. Rxb8 Rxb8 32. Rb1 Rxb1 33. Qxb1
Qb7 34. Qxb7 Nxb7 35. e4 Nc5 36. exd5 exd5 37. a5 Nb3 38. Ke3 Nxa5 39. Nf3 Nb3
40. Nd4 a5 41. Nc2 Kf8 42. g4 Ke7 43. f5 gxf5 44. gxf5 a4 45. Na3 f6 46. e6 h5
47. h4 Nc5 48. Nb5 Ne4 49. Kd4 Nd6 50. Na3 Nxf5+ 51. Kxd5 Nxh4 52. Nxc4 Ng6 53.
Nd2 Nf4+ 54. Kc4 Kxe6 55. Kb4 Nd5+ 56. Kxa4 Nxc3+ 57. Kb3 Nd5 58. Kc4 h4 59.
Kd4 h3 60. Nf1 f5 61. Nh2 Nf6 62. Nf3 Ne4 63. Ke3 Kf6 64. Kf4 Ng5 65. Nh2 Kg6
66. Nf1 Ne4 67. Nh2 Nf6 68. Kg3 Ng4 69. Nf3 h2 70. Kg2 Kh5 71. Nd4 f4 72. Nf3
Kg6 73. Nd4 Kg5 74. Nf3+ Kf5 75. Nd2 Ke5 1/2-1/2

[Event "Flint (Class B/3)"]
[Site "?"]
[Date "1992.??.??"]
[Round "?"]
[White "Koger, Melvin"]
[Black "Conlon, Russell"]
[Result "0-1"]
[WhiteElo "1760"]
[BlackElo "1720"]
[PlyCount "134"]
[EventDate "1992.??.??"]

1. d4 Nf6 2. c4 d6 3. Nc3 Nbd7 4. e4 e5 5. Nf3 c6 6. Be2 Be7 7. O-O O-O 8. h3
Re8 9. Be3 Qc7 10. Rc1 Bf8 11. d5 Nc5 12. Bxc5 dxc5 13. Qc2 a6 14. Rfd1 Kh8 15.
Ng5 h6 16. d6 Qd7 17. Nf3 Rb8 18. Qd3 Qe6 19. Na4 b6 20. Rc2 Rd8 21. Qc3 Bxd6
22. Qe3 Qe7 23. Rcd2 Be6 24. b3 Kh7 25. Bd3 g6 26. Bb1 Bc7 27. Qc3 Rxd2 28.
Rxd2 Nd7 29. Nb2 f6 30. Nd1 Rd8 31. Ne3 Nf8 32. Nf1 Rxd2 33. Qxd2 Qd7 34. Ne3
Qxd2 35. Nxd2 Kg7 36. Nf3 Bd7 37. Kf1 Ne6 38. Ng1 Nd4 39. f3 b5 40. Kf2 Ba5 41.
Ne2 Bd2 42. Nf1 Bb4 43. Ne3 Be6 44. Bd3 h5 45. Ng3 Kf7 46. Ngf1 Ke7 47. Ng3 Kd7
48. Ne2 Kc7 49. g4 Bd2 50. Ng3 Bxe3+ 51. Kxe3 h4 52. Ne2 g5 53. Nc3 Kb6 54. Ne2
Ka5 55. Nc1 Kb4 56. cxb5 axb5 57. Bb1 Ka3 58. Nd3 c4 59. bxc4 bxc4 60. Nc5 Kb2
61. a4 Kxb1 62. a5 Bc8 63. a6 Bxa6 64. Nxa6 c3 65. Nb4 c2 66. Nxc2 Kxc2 67. Kf2
Kd2 0-1

[Event "Ann Arbor (HVA/5/13)"]
[Site "?"]
[Date "1992.??.??"]
[Round "?"]
[White "Koernke, R."]
[Black "Vaughn, Gerald"]
[Result "0-1"]
[WhiteElo "1605"]
[BlackElo "1605"]
[PlyCount "98"]
[EventDate "1992.??.??"]

{5/(13)} 1. d4 Nf6 2. c4 g6 3. Nc3 Bg7 4. Nf3 d5 5. cxd5 Nxd5 6. e4 Nxc3 7.
bxc3 c5 8. Bb2 cxd4 9. cxd4 Qa5+ 10. Qd2 Qxd2+ 11. Nxd2 Nc6 12. Nb3 O-O 13.
O-O-O Rd8 14. Be2 a5 15. a4 b6 16. Kb1 e5 17. dxe5 Be6 18. Nd4 Nxd4 19. Bxd4
Bb3 20. Rd3 Bxa4 21. Bb2 Rdc8 22. Bd1 Bb5 23. Rb3 Bc4 24. Rxb6 Bd3+ 25. Ka1
Bxe4 26. Bf3 Bxf3 27. gxf3 Rc4 28. Re1 Re8 29. e6 Bxb2+ 30. Kxb2 fxe6 31. Rbxe6
Rb8+ 32. Ka3 Rc3+ 33. Ka2 Rxf3 34. Re8+ Rxe8 35. Rxe8+ Kf7 36. Re2 Rh3 37. Re3
Rxh2 38. Rf3+ Ke6 39. Ka3 Rh4 40. Re3+ Kf5 41. f3 h6 42. Kb3 g5 43. Rd3 Ke5 44.
Rc3 Rb4+ 45. Ka3 Kd4 46. Rc6 h5 47. Rg6 Rb5 48. Ka4 Rf5 49. Rg7 Ke3 0-1

[Event "East Lansing (MI Am/1)"]
[Site "?"]
[Date "1992.??.??"]
[Round "?"]
[White "Koernke, R."]
[Black "Taylor, J."]
[Result "1-0"]
[WhiteElo "1605"]
[BlackElo "1605"]
[PlyCount "49"]
[EventDate "1992.??.??"]

1. d4 d5 2. c4 dxc4 3. e3 b5 4. a4 Bd7 5. axb5 Bxb5 6. Nc3 Ba6 7. b3 Qd5 8.
Nxd5 e6 9. Nf4 Bd6 10. Bxc4 Bb7 11. Nf3 Bb4+ 12. Bd2 Bd6 13. Nd3 Nc6 14. O-O
Nf6 15. Bc3 Kd7 16. Nfe5+ Nxe5 17. Nxe5+ Ke7 18. Ra5 Ne4 19. Bb2 Bb4 20. Ba3
Bxa3 21. Rxa3 Bd5 22. Bxd5 Nc3 23. Qf3 Nxd5 24. Qxf7+ Kd6 25. Qd7# 1-0

[Event "Detroit (MOR/5/86)"]
[Site "?"]
[Date "1992.??.??"]
[Round "?"]
[White "Koernke, R."]
[Black "Motley, Gerald"]
[Result "1-0"]
[WhiteElo "1605"]
[BlackElo "1605"]
[PlyCount "73"]
[EventDate "1992.??.??"]

{5/(86)} 1. d4 d5 2. c4 e6 3. Nc3 Nf6 4. Bg5 Be7 5. Nf3 Nc6 6. e3 Bd7 7. Bxf6
Bxf6 8. cxd5 exd5 9. Nxd5 O-O 10. Nxf6+ Qxf6 11. Bd3 Rae8 12. O-O Bg4 13. Be2
a6 14. Re1 Bf5 15. Qb3 Be4 16. Nd2 b5 17. Nxe4 Rxe4 18. Bf3 Rh4 19. Rac1 Na5
20. Qc3 Nc4 21. b3 Nd6 22. Qxc7 Rh6 23. Rc6 g5 24. Bg4 Rd8 25. e4 Rf8 26. e5
Qf4 27. exd6 Qxh2+ 28. Kf1 Qh1+ 29. Ke2 Re8+ 30. Kd3 Qxe1 31. d7 Qe4+ 32. Kd2
Qxd4+ 33. Kc1 Rh1+ 34. Kc2 Qxf2+ 35. Kc3 Qe3+ 36. Kb2 Qc1+ 37. Rxc1 1-0

[Event "Detroit (MOR/2/81)"]
[Site "?"]
[Date "1992.??.??"]
[Round "?"]
[White "Koernke, R."]
[Black "Moceri, Paul"]
[Result "0-1"]
[WhiteElo "1605"]
[BlackElo "1700"]
[PlyCount "66"]
[EventDate "1992.??.??"]

{2/(81)} 1. d4 e6 2. c4 f5 3. g3 Nf6 4. Bg2 Be7 5. Nc3 O-O 6. e3 Qe8 7. Nge2 d6
8. O-O c6 9. Qb3 Kh8 10. d5 e5 11. e4 c5 12. exf5 Bxf5 13. Qxb7 Nbd7 14. Qa6
Qh5 15. f3 Bh3 16. Bd2 Bxg2 17. Kxg2 Qg6 18. b3 e4 19. fxe4 Nxe4 20. Rxf8+ Rxf8
21. Qxa7 Nxc3 22. Nxc3 Qf5 23. Re1 Qf2+ 24. Kh3 Qxd2 25. Rxe7 Qh6+ 26. Kg2 Ne5
27. Ne4 Ng4 28. h3 Ne3+ 29. Kh2 Qh5 30. g4 Nxg4+ 31. Kg3 Ne5 32. Rxg7 Rf3+ 33.
Kg2 Qxh3+ 0-1

[Event "Ann Arbor (HVA/1/7)"]
[Site "?"]
[Date "1992.??.??"]
[Round "?"]
[White "Koernke, R."]
[Black "June, Brian"]
[Result "0-1"]
[WhiteElo "1605"]
[BlackElo "1880"]
[PlyCount "50"]
[EventDate "1992.??.??"]

{1/(7)} 1. d4 d5 2. c4 c6 3. Nc3 Nf6 4. Bg5 Bf5 5. Nf3 e6 6. e3 Be7 7. Be2 Nbd7
8. O-O O-O 9. Nh4 Ne4 10. Bxe7 Qxe7 11. Nxf5 exf5 12. Qb3 Nd2 13. Qc2 Nxf1 14.
Rxf1 dxc4 15. Bxc4 a6 16. Re1 Qg5 17. a3 Rae8 18. Kf1 Nf6 19. h3 f4 20. e4 Nh5
21. e5 f3 22. gxf3 Nf4 23. Re3 Qg2+ 24. Ke1 Qg1+ 25. Bf1 Ng2+ 0-1

[Event "East Lansing (MI Am/3)"]
[Site "?"]
[Date "1992.??.??"]
[Round "?"]
[White "Koernke, R."]
[Black "Gaiefsky, S."]
[Result "1-0"]
[WhiteElo "1605"]
[BlackElo "1605"]
[PlyCount "51"]
[EventDate "1992.??.??"]

1. d4 d5 2. c4 Nf6 3. cxd5 Nxd5 4. e4 Nb6 5. Nf3 Bg4 6. Be2 e6 7. O-O Be7 8.
Nc3 O-O 9. Bf4 Na6 10. h3 Bh5 11. Re1 Nd7 12. Qb3 Bb4 13. a3 Bxc3 14. bxc3 Rb8
15. Nd2 Bxe2 16. Rxe2 Qh4 17. Bg3 Qh5 18. Ree1 Nf6 19. Nc4 Rfd8 20. Rab1 b5 21.
Na5 Rb6 22. Qc2 h6 23. Nb3 Rd7 24. c4 bxc4 25. Qxc4 Rc6 26. Qxc6 1-0

[Event "Detroit (MOR/7/81)"]
[Site "?"]
[Date "1992.??.??"]
[Round "?"]
[White "Koernke, R."]
[Black "Fletcher, B."]
[Result "1-0"]
[WhiteElo "1605"]
[BlackElo "1605"]
[PlyCount "65"]
[EventDate "1992.??.??"]

{7/(81)} 1. d4 Nf6 2. c4 d5 3. cxd5 Nxd5 4. e4 Nb6 5. Nc3 e6 6. Nf3 c6 7. Be2
g6 8. O-O Bg7 9. Bf4 N6d7 10. Qd2 O-O 11. Bh6 Re8 12. e5 c5 13. Bxg7 Kxg7 14.
dxc5 Nxc5 15. Qf4 a6 16. Rfd1 Qe7 17. Ng5 Bd7 18. Nge4 Nxe4 19. Nxe4 Bc6 20.
Nf6 Rf8 21. Bf3 Bxf3 22. Qxf3 Ra7 23. Rd4 b5 24. Rh4 Rh8 25. Qf4 h5 26. Rd1 Rd8
27. Rxd8 Qxd8 28. h3 Nc6 29. Qe3 Rc7 30. Ng4 Kf8 31. Nf6 Nxe5 32. Qxe5 Qb8 33.
Nd7+ 1-0

[Event "East Lansing (MI Am/4)"]
[Site "?"]
[Date "1992.??.??"]
[Round "?"]
[White "Koernke, R."]
[Black "Anderson, M."]
[Result "1/2-1/2"]
[WhiteElo "1605"]
[BlackElo "1680"]
[PlyCount "87"]
[EventDate "1992.??.??"]

1. d4 Nf6 2. c4 g6 3. Nc3 Bg7 4. e4 O-O 5. Nf3 d6 6. Be2 e5 7. dxe5 dxe5 8. O-O
Nc6 9. Bg5 Qxd1 10. Rfxd1 Be6 11. Bxf6 Bxf6 12. Nd5 Bxd5 13. cxd5 Ne7 14. d6
cxd6 15. Rxd6 Kg7 16. Rd7 b6 17. Ba6 Rfd8 18. Rad1 Ng8 19. Rxd8 Rxd8 20. Rxd8
Bxd8 21. Nxe5 Bf6 22. Nd3 Bd4 23. Kf1 Nf6 24. f3 Nd7 25. b3 Nc5 26. Nxc5 Bxc5
27. Ke2 Kf6 28. f4 h6 29. Kf3 g5 30. g3 Bg1 31. h3 Bd4 32. Bd3 Kg7 33. Kg4 f6
34. fxg5 hxg5 35. h4 Be5 36. hxg5 fxg5 37. Kxg5 Bxg3 38. Kf5 Kf7 39. Bc4+ Ke7
40. e5 Ke8 41. Ke4 Bf2 42. Kd5 Bc5 43. Kc6 a5 44. Bg8 1/2-1/2

[Event "Detroit (MI Op/4/16)"]
[Site "?"]
[Date "1992.??.??"]
[Round "?"]
[White "Knecht, Mark"]
[Black "Levadi, David"]
[Result "1-0"]
[WhiteElo "2110"]
[BlackElo "1975"]
[PlyCount "46"]
[EventDate "1992.??.??"]

{4/(16)} 1. c4 Nf6 2. g3 g6 3. Bg2 Bg7 4. Nc3 O-O 5. e3 c6 6. Nge2 e5 7. O-O d5
8. cxd5 cxd5 9. Qb3 e4 10. Nf4 Nc6 11. Ncxd5 Re8 12. Nxf6+ Bxf6 13. Nd5 Bg7 14.
Nc3 Qc7 15. Bxe4 Na5 16. Qc2 Be6 17. d4 Rac8 18. Bd2 Nc4 19. Rac1 Bh3 20. Bg2
Bg4 21. b3 Nxd2 22. Qxd2 Qd7 23. Ne4 b6 1-0

[Event "Detroit (MI Op/1a/18)"]
[Site "?"]
[Date "1992.??.??"]
[Round "?"]
[White "Knecht, Mark"]
[Black "Kruskie, Jerry"]
[Result "1-0"]
[WhiteElo "2110"]
[BlackElo "1840"]
[PlyCount "39"]
[EventDate "1992.??.??"]

1. c4 c5 2. g3 Nf6 3. Bg2 d5 4. cxd5 Nxd5 5. Nc3 Nc7 6. Nf3 Nc6 7. O-O e5 8.
Ne1 Bd7 9. Nd3 f6 10. b3 Be7 11. f4 exf4 12. Nxf4 O-O 13. Bb2 Rc8 14. Ncd5 Ne6
15. e3 Re8 16. Qh5 Nxf4 17. Nxf4 h6 18. Bd5+ Kh7 19. Qg6+ Kh8 20. Be4 1-0

[Event "Detroit (MI Op/6/11)"]
[Site "?"]
[Date "1992.??.??"]
[Round "?"]
[White "Knecht, Mark"]
[Black "Ghiata, Gheorghe"]
[Result "1-0"]
[WhiteElo "2110"]
[BlackElo "1970"]
[PlyCount "73"]
[EventDate "1992.??.??"]

{6/(11)} 1. c4 e6 2. Nf3 d5 3. g3 Nf6 4. Bg2 Be7 5. O-O O-O 6. b3 d4 7. e3 c5
8. exd4 cxd4 9. d3 Nc6 10. Re1 Bd6 11. a3 a5 12. Nbd2 Qc7 13. Ne4 Nxe4 14. Rxe4
f5 15. Rh4 Be7 16. Bg5 h6 17. Bxe7 Qxe7 18. Nxd4 Nxd4 19. Rxd4 g5 20. c5 Qxc5
21. Rc4 Qd6 22. Rac1 Kg7 23. Rc7+ Kg6 24. Qc2 Rb8 25. Qc3 Rg8 26. Qxa5 Qxd3 27.
Qa7 Bd7 28. Rxb7 Rxb7 29. Qxb7 Qd2 30. Rf1 Rc8 31. a4 Rc1 32. a5 Rc5 33. b4 Rb5
34. Qa8 e5 35. Bc6 Rxb4 36. Qg8+ Kf6 37. Bxd7 1-0

[Event "Detroit (MOR/7/84)"]
[Site "?"]
[Date "1992.??.??"]
[Round "?"]
[White "Kishek, R."]
[Black "Thomas, Oscar"]
[Result "1-0"]
[WhiteElo "1605"]
[BlackElo "1605"]
[PlyCount "57"]
[EventDate "1992.??.??"]

{7/(84)} 1. e4 e6 2. d4 d5 3. Nc3 dxe4 4. Nxe4 Nf6 5. Bg5 h6 6. Nxf6+ gxf6 7.
Bf4 Bd6 8. Qd2 Bxf4 9. Qxf4 a6 10. O-O-O Ke7 11. Nf3 Qd6 12. Qe3 Nc6 13. Bc4 b5
14. Bb3 Na5 15. Rhe1 Nxb3+ 16. Qxb3 c6 17. g4 Qf4+ 18. Kb1 Qxg4 19. d5 cxd5 20.
Qxd5 Bd7 21. Qd6+ Ke8 22. Qxd7+ Kf8 23. Qd6+ Ke8 24. Qc6+ Kf8 25. Qxa8+ Kg7 26.
Qc6 Kh7 27. Rg1 Qf5 28. Qb7 Rf8 29. Qe7 1-0

[Event "Detroit (MOR/5/91)"]
[Site "?"]
[Date "1992.??.??"]
[Round "?"]
[White "Kishek, R."]
[Black "Pratto, R."]
[Result "0-1"]
[WhiteElo "1605"]
[BlackElo "1605"]
[PlyCount "64"]
[EventDate "1992.??.??"]

{5/(91)} 1. e4 c5 2. Nf3 d6 3. Nc3 Nc6 4. Bc4 e6 5. O-O Nf6 6. Re1 Be7 7. d4
Nxd4 8. Nxd4 cxd4 9. Qxd4 O-O 10. e5 dxe5 11. Qxe5 Bd6 12. Qe2 a6 13. h3 Qc7
14. Ne4 Nxe4 15. Qxe4 Bd7 16. Bd3 f5 17. Qe2 Rf6 18. b3 Qc6 19. Kh1 Rg6 20. Rg1
e5 21. f3 Re8 22. Re1 b5 23. Qd1 e4 24. Be2 f4 25. Bd2 Re5 26. Bxf4 Rh5 27. Be3
Bxh3 28. Kg1 Bxg2 29. f4 Bf3+ 30. Kf2 Rg2+ 31. Kf1 Rh1+ 32. Bg1 Rhxg1# 0-1

[Event "Detroit (MOR/3/96)"]
[Site "?"]
[Date "1992.??.??"]
[Round "?"]
[White "Kishek, R."]
[Black "Franklin, M."]
[Result "0-1"]
[WhiteElo "1605"]
[BlackElo "1605"]
[PlyCount "80"]
[EventDate "1992.??.??"]

{3/(96)} 1. d4 d6 2. Nf3 Nf6 3. c4 h6 4. Nc3 Bf5 5. e3 Nc6 6. Bd2 Qd7 7. d5 Nb4
8. e4 Bh7 9. Qb3 a5 10. Nb5 Bxe4 11. Bxb4 axb4 12. Qxb4 c6 13. Nc3 Bxf3 14.
gxf3 e6 15. dxe6 Qxe6+ 16. Be2 Be7 17. Qxb7 Rc8 18. O-O-O O-O 19. Kb1 Qe5 20.
Qa7 c5 21. Qa4 Rb8 22. Qc2 Rfd8 23. Nd5 Nxd5 24. Rxd5 Qf4 25. Qe4 Qf6 26. b3
Rd7 27. Bd3 g6 28. Bc2 Qc3 29. Rd3 Qa5 30. Qe1 Qa6 31. Re3 Rbb7 32. Bd3 Bf6 33.
Re2 d5 34. Qc1 Qd6 35. Qxh6 Re7 36. Rxe7 Rxe7 37. Qd2 dxc4 38. Rd1 cxd3 39.
Qxd3 Qe5 40. Qc2 Qa1# 0-1

[Event "Detroit (MOR/1a/62)"]
[Site "?"]
[Date "1992.??.??"]
[Round "?"]
[White "Kishek, R."]
[Black "Brown, W."]
[Result "0-1"]
[WhiteElo "1605"]
[BlackElo "1605"]
[PlyCount "78"]
[EventDate "1992.??.??"]

1. e4 e5 2. Nf3 d6 3. d4 Qe7 4. Bd3 Nc6 5. d5 Nb8 6. Be3 Nf6 7. Nbd2 Ng4 8. O-O
Nxe3 9. fxe3 a6 10. Qe1 Nd7 11. Be2 Nf6 12. Nh4 Bd7 13. Qg3 g6 14. Qf2 Bg7 15.
Nhf3 O-O-O 16. b4 Ng4 17. Qg3 Nxe3 18. Rfc1 Ng4 19. a4 f5 20. Qe1 fxe4 21. Nxe4
Bf5 22. Bd3 Nf6 23. b5 axb5 24. axb5 Nxd5 25. Qa5 Nb6 26. Nfd2 d5 27. Nc3 e4
28. Be2 Qc5+ 29. Kh1 Bxc3 30. Qa3 Qxa3 31. Rxa3 Bxd2 32. Rd1 e3 33. Kg1 Bxc2
34. Bg4+ Rd7 35. Bxd7+ Kxd7 36. Rda1 Rf8 37. g3 e2 38. Ra7 e1=Q+ 39. Rxe1 Bxe1
0-1

[Event "Flint (Class DE/5)"]
[Site "?"]
[Date "1992.??.??"]
[Round "?"]
[White "Kinney, J."]
[Black "Calabria, John"]
[Result "1-0"]
[WhiteElo "1605"]
[BlackElo "1605"]
[PlyCount "31"]
[EventDate "1992.??.??"]

1. d4 Nf6 2. Nc3 e6 3. e4 Bb4 4. Bg5 b6 5. Bd3 c5 6. d5 O-O 7. a3 Bxc3+ 8. bxc3
Qc7 9. c4 Qe5 10. Nf3 Qc7 11. e5 Ne8 12. Be7 g5 13. d6 Qc6 14. Nxg5 Qxg2 15.
Be4 Qg4 16. Qxg4 1-0

[Event "Flint (Class DE/2)"]
[Site "?"]
[Date "1992.??.??"]
[Round "?"]
[White "Kinney, J."]
[Black "Brewer, M."]
[Result "1-0"]
[WhiteElo "1605"]
[BlackElo "1605"]
[PlyCount "51"]
[EventDate "1992.??.??"]

1. d4 Nf6 2. Nc3 d6 3. e4 Nbd7 4. Bc4 c6 5. Be3 e5 6. d5 Qa5 7. Bd2 Be7 8. Nf3
Qc7 9. Ng5 O-O 10. f4 Nb6 11. Bd3 h6 12. Nf3 cxd5 13. fxe5 dxe5 14. O-O Bg4 15.
h3 Bxf3 16. Qxf3 Rad8 17. Qg3 Rfe8 18. Bxh6 g6 19. exd5 Bc5+ 20. Kh1 Nh5 21.
Qg4 Qd7 22. Bf5 Qd6 23. Ne4 Qxd5 24. Bxg6 Qc6 25. Bxh5+ Kh7 26. Qg7# 1-0

[Event "Flint (Class DE/4)"]
[Site "?"]
[Date "1992.??.??"]
[Round "?"]
[White "Kinney, J."]
[Black "Berlinger, G."]
[Result "1-0"]
[WhiteElo "1605"]
[BlackElo "1605"]
[PlyCount "81"]
[EventDate "1992.??.??"]

1. d4 d6 2. Nc3 Nf6 3. e4 g6 4. Bc4 Bg7 5. Bg5 Nbd7 6. f4 c5 7. e5 cxd4 8. exf6
exf6 9. Qxd4 O-O 10. Bh4 g5 11. Bg3 f5 12. Qxd6 Re8+ 13. Nge2 gxf4 14. Bxf4 Ne5
15. Bxe5 Bxe5 16. Qh6 Qb6 17. Qxb6 axb6 18. O-O f4 19. Nxf4 Bd4+ 20. Kh1 Ra5
21. Nfe2 Be5 22. Bxf7+ Kf8 23. Bxe8+ Kxe8 24. a3 Bg4 25. Rae1 Kd8 26. h3 Bh5
27. Rf5 Bxc3 28. Rxa5 Bxa5 29. b4 Bxb4 30. axb4 Kc7 31. Nf4 Bf7 32. Re7+ Kc6
33. Rxf7 h6 34. c4 Kd6 35. Rf5 Kc6 36. Rf6+ Kc7 37. Nd5+ Kb8 38. b5 h5 39. Rf8+
Ka7 40. Nc7 h4 41. Ra8# 1-0

[Event "Detroit (MI Action/6)"]
[Site "?"]
[Date "1992.??.??"]
[Round "?"]
[White "Keck, T."]
[Black "Zuniga, Jesus"]
[Result "0-1"]
[WhiteElo "1605"]
[BlackElo "1605"]
[PlyCount "86"]
[EventDate "1992.??.??"]

1. e4 e5 2. Nf3 Nc6 3. Nc3 Nf6 4. Bc4 Bb4 5. O-O Bxc3 6. dxc3 Nxe4 7. Re1 Nf6
8. Bg5 d6 9. Bxf6 Qxf6 10. Re4 Qg6 11. Nh4 Qxe4 12. Nf3 Qg6 13. Bd3 Qh6 14. Qd2
Qxd2 15. Nxd2 d5 16. Bb5 O-O 17. Re1 Bf5 18. Bxc6 bxc6 19. Rxe5 Rae8 20. Nf3
Rxe5 21. Nxe5 Re8 22. Nf3 Bxc2 23. b4 Re2 24. h3 Bd3 25. a4 Rc2 26. Ne5 Rxc3
27. Nxd3 Rxd3 28. Kf1 d4 29. Ke2 Rb3 30. f4 d3+ 31. Kd2 Rxb4 32. g3 Rxa4 33.
Kxd3 a5 34. h4 c5 35. Ke3 c4 36. Kf3 c3 37. Kg4 c2 38. h5 h6 39. Kh4 c1=Q 40.
g4 Qh1+ 41. Kg3 Ra3+ 42. Kf2 Qh2+ 43. Kf1 Ra1# 0-1

[Event "Detroit (MI Action/5)"]
[Site "?"]
[Date "1992.??.??"]
[Round "?"]
[White "Keck, T."]
[Black "Davis, C."]
[Result "1-0"]
[WhiteElo "1605"]
[BlackElo "1605"]
[PlyCount "69"]
[EventDate "1992.??.??"]

1. e4 e5 2. c3 c6 3. Nf3 Be7 4. Nxe5 Nf6 5. Qb3 O-O 6. Bd3 Qb6 7. Nc4 Qxb3 8.
axb3 d5 9. exd5 Nxd5 10. O-O b5 11. Ne5 a5 12. b4 axb4 13. Rxa8 Bd6 14. Be4
Bxe5 15. d4 Bd6 16. Nd2 bxc3 17. bxc3 Nxc3 18. Bd3 b4 19. Nf3 Be6 20. Ng5 c5
21. Nxe6 fxe6 22. Bc4 cxd4 23. Bxe6+ Kh8 24. Bb2 Nb1 25. Rxb1 Be5 26. f4 Rxf4
27. Rc1 h5 28. Rc8+ Kh7 29. Bc1 g6 30. Bxf4 b3 31. Ra7+ Bg7 32. Rxb8 g5 33. Be5
Kg6 34. Rxg7+ Kh6 35. Rh8# 1-0

[Event "Detroit (MI Action/3)"]
[Site "?"]
[Date "1992.??.??"]
[Round "?"]
[White "Keck, K."]
[Black "Mailing, Don"]
[Result "1-0"]
[WhiteElo "1605"]
[BlackElo "1610"]
[PlyCount "80"]
[EventDate "1992.??.??"]

1. e4 e6 2. d4 d5 3. Nc3 Bb4 4. exd5 exd5 5. Bd2 Bxc3 6. Bxc3 Nf6 7. Nf3 O-O 8.
Bd3 Re8+ 9. Be2 Qe7 10. Ne5 Nc6 11. Bb5 Bd7 12. Bxc6 Bxc6 13. O-O Ne4 14. Re1
Qg5 15. Nxc6 bxc6 16. Qd3 Qh4 17. g3 Qf6 18. f3 Ng5 19. Rxe8+ Rxe8 20. f4 Ne4
21. Re1 Qg6 22. Kg2 h5 23. Qa6 h4 24. Re3 hxg3 25. hxg3 f5 26. Qxa7 Nxc3 27.
Rxe8+ Qxe8 28. bxc3 Qe2+ 29. Kg1 Qxc2 30. Qb8+ Kh7 31. Qxc7 Qxc3 32. Qe5 Qxg3+
33. Kf1 Qf3+ 34. Kg1 Qd1+ 35. Kg2 Qc2+ 36. Kf1 Qxa2 37. Qxf5+ g6 38. Qd7+ Kh6
39. Qxc6 Qc4+ 40. Qxc4 dxc4 1-0